LEADER 01381nam a2200229 i 4500 001 000000016395 003 CaOOAMICUS 005 20220715132013.0 008 180830s1740 it u000 u lat u 040 $aSeMil$bita 100 1 $aRoncaglia, Costantino,$d<1677-1737>.$0(OLS)http://semarc/name/7562 245 10$aUniversa moralis theologia, qua non solum principia speculativa sed etiam regulae practicae ad usum confessariorum explicantur. Authore Constantino Roncaglia ... Accessit in fine liber Consiliorum moralium eodem authore. Tomus 1. [-2.]. 260 $aVenetiis :$bTypis Pitteri,$c1740. 300 $a2 v. ;$cfol. 500 $aFront. del v. 1 stampato in rosso e nero. - Vignetta xilogr. sui front. - Iniz., testatine xilogr. - Testo su due colonne. - Legati insieme i 2 vol. 650 4$aTeologia morale.$0(OLS)http://semarc/subject/91 700 1 $aPitteri, Francesco,$c.$0(OLS)http://semarc/name/2852 774 0 $tTomus 1.$g1$w()50453 774 0 $tTomus 2.$g2$w()218033 996 $6245$aUniversa moralis theologia, qua non solum principia speculativa sed etiam regulae practicae ad usum confessariorum explicantur. Authore Constantino Roncaglia ... Accessit in fine liber Consiliorum moralium eodem authore. Tomus 1. [-2.]$9(OLS)http://semarc/title/21691 996 $6260$aVenetiis :$bTypis Pitteri$9(OLS)http://semarc/publisher/34393 LEADER 01012nam a2200241 i 4500 001 000000139441 003 CaOOAMICUS 005 20050523000000.0 008 050523s1969 it u000 u ita u 013 $a113474 040 $aSeMil$bita 100 1 $aGreppi, Antonio,$d<1894-1982>.$0(OLS)http://semarc/name/8132 245 10$aTre racconti di Natale /$cAntonio Greppi, Primo Mazzolari, Lorenzo Milani. 260 $aVicenza :$bLa Locusta,$cstampa 1969. 300 $a58 p. ;$c19 cm. 650 4$aNatale - Racconti.$0(OLS)http://semarc/subject/19662 700 1 $aMazzolari, Primo,$d<1890-1959>.$0(OLS)http://semarc/name/3525 700 1 $aMilani, Lorenzo,$c.$0(OLS)http://semarc/name/17098 850 $aSeMil 852 $aSeMil$W1$xVenegono$y1$m2L I 53$j234534$B92850$CSeMilBibl$Z2$F98655 $81 961 $aOmaggio: Crippa don Franco 996 $6245$aTre racconti di Natale$9(OLS)http://semarc/title/203741 996 $6260$aVicenza :$bLa Locusta$9(OLS)http://semarc/publisher/31451